<?xml version="1.0" encoding="UTF-8"?>
<marc:record xmlns:marc="http://www.loc.gov/MARC21/slim">
   <marc:leader>00000nam a2200000 a 4500</marc:leader>
   <marc:datafield ind1="1" ind2=" " tag="100">
      <marc:subfield code="a">Jocelie, Dalia</marc:subfield>
      <marc:subfield code="4">aut</marc:subfield>
      <marc:subfield code="e">Verfasser/-in</marc:subfield>
   </marc:datafield>
   <marc:datafield ind1=" " ind2=" " tag="653">
      <marc:subfield code="a">Liebesroman</marc:subfield>
   </marc:datafield>
   <marc:datafield ind1=" " ind2=" " tag="653">
      <marc:subfield code="a">Romantik</marc:subfield>
   </marc:datafield>
   <marc:datafield ind1=" " ind2=" " tag="653">
      <marc:subfield code="a">Sterne</marc:subfield>
   </marc:datafield>
   <marc:datafield ind1=" " ind2=" " tag="653">
      <marc:subfield code="a">England</marc:subfield>
   </marc:datafield>
   <marc:datafield ind1=" " ind2=" " tag="653">
      <marc:subfield code="a">Unterhaltung</marc:subfield>
   </marc:datafield>
   <marc:datafield ind1=" " ind2=" " tag="653">
      <marc:subfield code="a">Erzählende Literatur</marc:subfield>
   </marc:datafield>
   <marc:datafield ind1="0" ind2="0" tag="245">
      <marc:subfield code="a">In den Sternen geschrieben</marc:subfield>
   </marc:datafield>
   <marc:datafield ind1="0" ind2="0" tag="245">
      <marc:subfield code="c">Dalia Jocelie</marc:subfield>
   </marc:datafield>
   <marc:datafield ind1=" " ind2="1" tag="264">
      <marc:subfield code="a">Norderstedt</marc:subfield>
      <marc:subfield code="b">Books on Demand</marc:subfield>
      <marc:subfield code="c">2017</marc:subfield>
   </marc:datafield>
   <marc:datafield ind1="1" ind2=" " tag="520">
      <marc:subfield code="a">Angaben aus der Verlagsmeldung

In den Sternen geschrieben / von Dalia Jocelie

Was wäre, wenn dir ein plötzlich auftauchender Brief verraten würde, dass deine erste große Liebe dich niemals gehen lassen wollte und hinter der Trennung bloß ein dummes Missverständnis steckt?
Vor allem, wie würdest du reagieren, wenn du in der Zwischenzeit deinen Traumprinzen bereits gefunden hättest und kurz davor stehen würdest, diesen zu heiraten?
Ella ist genau in dieser Situation. Wie sie damit umgeht? Sie hört auf ihr Herz und lässt mit ihrem Versuch, offene Fragen aus der Vergangenheit zu beantworten, das Schicksal die Karten neu mischen. Blöd nur, dass sich ihre Jugendliebe nicht einmal im selben Land befindet und sich sein Leben nach all den Jahren ebenfalls weitergedreht hat. Ihr Verlobter hat von ihrer Reise hingegen keine Ahnung ... Hin- und hergerissen zwischen zwei Männern, die unterschiedlicher nicht sein könnten, ist sie auf der Suche nach Antworten, aber auch nach sich selbst.
Frech, sexy und unterhaltsam - eine Liebeskomödie, die dich nicht nur mit ihrer liebenswert chaotischen Hauptfigur zum Schmunzeln bringt, sondern dir zudem eine Überdosis Romantik verspricht!
</marc:subfield>
   </marc:datafield>
   <marc:datafield ind1=" " ind2=" " tag="020">
      <marc:subfield code="a">9783744809290</marc:subfield>
      <marc:subfield code="9">9783744809290</marc:subfield>
   </marc:datafield>
   <marc:datafield ind1=" " ind2=" " tag="041">
      <marc:subfield code="a">ger</marc:subfield>
   </marc:datafield>
   <marc:datafield ind1=" " ind2=" " tag="300">
      <marc:subfield code="a">Online-Ressourcen</marc:subfield>
   </marc:datafield>
</marc:record>
